000 00784nam a2200241Ia 4500
003 OSt
005 20220923223358.0
006 a|||||r|||| 00| 0
007 ta
008 220922b |||||||| |||| 00| 0 hin d
024 _a214,406
037 _cTextual
040 _aARTS
_cARTS
_bhin
041 _2hin
_ahin
082 _aO152,3N05x, K1;L3.5
100 _aजैनेन्द्र
245 0 _aजैनेन्द्र की कहानियॉं
246 _aJainendra kī kahāniyaॉan
260 _aदिल्ली
_b पूर्वोदय प्रका0
_c1973
650 _aहिन्दी साहित्य
_9156264
942 _hO152,3N05x, K1;L3.5
_cTEXL
_2CC
999 _c364376
_d364376